000 00359nam a22001097a 4500
082 _a378
_bINT
245 _a2011 International President forum on Global Research Universities:
_bborderless and creative Education /
_cEdited by Nam Suh & Yong-Taek Im
260 _aKorea :
_bKAIT Press,
_c2011.
300 _a202 p. ;
_c26 cm.
563 _aHBK.
942 _2ddc
_cBK
999 _c592629
_d592629